00446nam a2200157Ia 4500008004100000020001800041082001600059100002600075245006500101250000800166260004200174300002300216500001900239600001500258650001500273240925s9999 xx 000 0 und d a9789332584839 a658.322 MAR aMartocchio, Joseph J. 0aStrategic Compensation: a human resource management approach a9th aNew Delhi:bPearson Educationc,2018. a244p.b0fOriginal aIncludes Index aManagement aManagement